000 00301nam a22001337a 4500
008 170904b xxu||||| |||| 00| 0 eng d
020 _a9780534612962
041 _aeng
080 _27 ED
_a070
100 _a40
101 _aMED
245 _aPUBLIC RELATIONS WRITING
_cNEWSOM.D
942 _2udc
_cBK
999 _c26002
_d26002